<?xml version="1.0" encoding="UTF-8"?>
<record
    xmlns:xsi="http://www.w3.org/2001/XMLSchema-instance"
    xsi:schemaLocation="http://www.loc.gov/MARC21/slim http://www.loc.gov/standards/marcxml/schema/MARC21slim.xsd"
    xmlns="http://www.loc.gov/MARC21/slim">

  <leader>01059nam a2200265 a 4500</leader>
  <controlfield tag="005">20240412114613.0</controlfield>
  <controlfield tag="008">100804t2013||||sp a   f1      s1 0pspadd</controlfield>
  <datafield tag="020" ind1=" " ind2=" ">
    <subfield code="a">9788498357066</subfield>
  </datafield>
  <datafield tag="041" ind1=" " ind2=" ">
    <subfield code="a">spa</subfield>
  </datafield>
  <datafield tag="092" ind1=" " ind2=" ">
    <subfield code="c">616.0274</subfield>
    <subfield code="l">3</subfield>
    <subfield code="s">ARA</subfield>
  </datafield>
  <datafield tag="100" ind1="1" ind2=" ">
    <subfield code="a">Aragon&#xE9;s Manzanares, Roc&#xED;o</subfield>
    <subfield code="e">Coord.</subfield>
    <subfield code="9">2193</subfield>
  </datafield>
  <datafield tag="245" ind1=" " ind2=" ">
    <subfield code="a">Urgencias en cuidados cr&#xED;ticos en Reumatolog&#xED;a /  </subfield>
    <subfield code="c">Roc&#xED;o Aragon&#xE9;s Manzanares</subfield>
  </datafield>
  <datafield tag="250" ind1=" " ind2=" ">
    <subfield code="a">1a ed.</subfield>
  </datafield>
  <datafield tag="260" ind1=" " ind2=" ">
    <subfield code="a">Madrid: </subfield>
    <subfield code="b">Editorial M&#xE9;dica Panamericana;</subfield>
    <subfield code="c">2013.</subfield>
  </datafield>
  <datafield tag="300" ind1=" " ind2=" ">
    <subfield code="a">414 p.</subfield>
    <subfield code="b">il.</subfield>
    <subfield code="c">17 cm.</subfield>
  </datafield>
  <datafield tag="500" ind1=" " ind2=" ">
    <subfield code="a">Aragon&#xE9;s Manzanares, R. y Jim&#xE9;nez N&#xFA;&#xF1;ez, F. G. (Coords.). (2013). Urgencias en cuidados cr&#xED;ticos en Reumatolog&#xED;a. (1a ed.). Madrid : Editorial M&#xE9;dica Panamericana.</subfield>
  </datafield>
  <datafield tag="653" ind1=" " ind2=" ">
    <subfield code="a">Urgencias reumatol&#xF3;gicas</subfield>
  </datafield>
  <datafield tag="653" ind1=" " ind2=" ">
    <subfield code="a">Complicaciones sist&#xE9;micas de las enfermedades reum&#xE1;ticas</subfield>
  </datafield>
  <datafield tag="653" ind1=" " ind2=" ">
    <subfield code="a">Enfermedades infecciosas en reumatolog&#xED;a</subfield>
  </datafield>
  <datafield tag="653" ind1=" " ind2=" ">
    <subfield code="a">Cuidados intensivos y reumatolog&#xED;a</subfield>
  </datafield>
  <datafield tag="653" ind1=" " ind2=" ">
    <subfield code="a">F&#xE1;rmacos</subfield>
  </datafield>
  <datafield tag="653" ind1=" " ind2=" ">
    <subfield code="a">Imagenolog&#xED;a</subfield>
  </datafield>
  <datafield tag="700" ind1="1" ind2=" ">
    <subfield code="a">Jim&#xE9;nez N&#xFA;&#xF1;ez, Francisco Gabriel</subfield>
    <subfield code="e">Coord.</subfield>
    <subfield code="9">3024</subfield>
  </datafield>
  <datafield tag="942" ind1=" " ind2=" ">
    <subfield code="2">ddc</subfield>
    <subfield code="c">BK</subfield>
  </datafield>
  <datafield tag="999" ind1=" " ind2=" ">
    <subfield code="c">2228</subfield>
    <subfield code="d">2228</subfield>
  </datafield>
  <datafield tag="952" ind1=" " ind2=" ">
    <subfield code="0">0</subfield>
    <subfield code="1">0</subfield>
    <subfield code="2">ddc</subfield>
    <subfield code="4">0</subfield>
    <subfield code="7">0</subfield>
    <subfield code="8">REF</subfield>
    <subfield code="a">BFM</subfield>
    <subfield code="b">BFM</subfield>
    <subfield code="c">REF</subfield>
    <subfield code="d">2015-10-20</subfield>
    <subfield code="e">Compra Promed 3er a&#xF1;o, Octubre 2015</subfield>
    <subfield code="g">508.00</subfield>
    <subfield code="l">0</subfield>
    <subfield code="o">616.0274 3 ARA</subfield>
    <subfield code="p">3605</subfield>
    <subfield code="r">2015-10-20</subfield>
    <subfield code="t">Ej.1</subfield>
    <subfield code="w">2015-10-20</subfield>
    <subfield code="y">REF</subfield>
    <subfield code="z">LIBRO DE CONSULTA. Compra Promed 3er a&#xF1;o, Octubre 2015</subfield>
  </datafield>
  <datafield tag="952" ind1=" " ind2=" ">
    <subfield code="0">0</subfield>
    <subfield code="1">0</subfield>
    <subfield code="2">ddc</subfield>
    <subfield code="4">0</subfield>
    <subfield code="7">0</subfield>
    <subfield code="a">BFM</subfield>
    <subfield code="b">BFM</subfield>
    <subfield code="c">CR</subfield>
    <subfield code="d">2015-10-20</subfield>
    <subfield code="e">Compra Promed 3er a&#xF1;o, Octubre 2015</subfield>
    <subfield code="g">508.00</subfield>
    <subfield code="l">0</subfield>
    <subfield code="o">616.0274 3 ARA</subfield>
    <subfield code="p">3606</subfield>
    <subfield code="r">2015-10-20</subfield>
    <subfield code="t">Ej.2</subfield>
    <subfield code="w">2015-10-20</subfield>
    <subfield code="y">BK</subfield>
    <subfield code="z">Compra Promed 3er a&#xF1;o, Octubre 2015</subfield>
  </datafield>
  <datafield tag="952" ind1=" " ind2=" ">
    <subfield code="0">0</subfield>
    <subfield code="1">0</subfield>
    <subfield code="2">ddc</subfield>
    <subfield code="4">0</subfield>
    <subfield code="7">0</subfield>
    <subfield code="a">BFM</subfield>
    <subfield code="b">BFM</subfield>
    <subfield code="c">CR</subfield>
    <subfield code="d">2015-10-20</subfield>
    <subfield code="e">Compra Promed 3er a&#xF1;o, Octubre 2015</subfield>
    <subfield code="g">508.00</subfield>
    <subfield code="l">0</subfield>
    <subfield code="o">616.0274 3 ARA</subfield>
    <subfield code="p">3607</subfield>
    <subfield code="r">2015-10-20</subfield>
    <subfield code="t">Ej.3</subfield>
    <subfield code="w">2015-10-20</subfield>
    <subfield code="y">BK</subfield>
    <subfield code="z">Compra Promed 3er a&#xF1;o, Octubre 2015</subfield>
  </datafield>
</record>
